Statystyki dla Zgadnij jaka to flaga po nazwie [Europa]

Kliknij tutaj aby rozwiązać quiz!

Ogólne statystyki

  • Ten quiz został rozwiązany 8 010 razy
  • Średni wynik to 9 z 10

Statystyki odpowiedzi

ZagadnienieOdpowiedź% Poprawnych
Flaga Polski
97%
Flaga Francji
96%
Flaga Grecji
96%
Flaga Hiszpanii
96%
Flaga Wielkiej Brytani
96%
Flaga Turcji
94%
Flaga Szwecji
93%
Flaga Norwegii
93%
Flaga Watykanu
86%
Flaga Andory
77%

Rozkład punktacji

Percentyl według liczby udzielonych odpowiedzi

Procent ludzi z każdym wynikiem

Twoja historia wyników

Nie rozwiązałeś tego quizu